000 01122nam a22002537a 4500
005 20170124102956.0
010 _aA-918310
020 _c250.00
_a8170163625
035 _aA-918310
037 _bCen Lib/Ret
040 _aDPL
_bHN
082 _a615.52
_bवर्मावि
100 _aवर्मा, विनोद
_953370
245 _aदेनिक जीवन में आयुर्वेद /
_cविनोद वर्मा
246 _aDenik jivan mein ayurved /
_bby Vinod Varma
260 _aनई दिल्ली
_bकिताबघर
_c1997
270 _a24, अंसारी रोड, दरियागंज
_bनई दिल्ली
_e110002
300 _a376पृ. :
_c21सेमी (सजिल्द)
_bसचित्र
650 _aपारंपरिक चिकित्सा
_91199
650 _aपारंपरिक चिकित्सा -- आयुर्वेद
_953371
650 _aTraditional Medicine
_953372
650 _aTraditional Medicine -- Ayurveda
_953373
942 _2ddc
_cHN
_h615.52
_mवर्मावि
999 _c113674
_d113674